| 000 | 01458nam a22003977a 4500 | ||
|---|---|---|---|
| 003 | CHAP | ||
| 005 | 20220329143542.0 | ||
| 008 | 100518s2007 mx a r 00010 spa d | ||
| 010 | _a98445 | ||
| 011 | _a99417 | ||
| 020 | _a9680202615 | ||
| 035 | _a110103 | ||
| 040 | _cCHAP | ||
| 090 | _aFolleto 17656 | ||
| 245 | 0 | 0 |
_aProducción, comercialización e industrialización del xoconostle en la región de las pirámides, estado de México _c/por Claudio Armando Flores Valdez ...[et al.] |
| 260 |
_aChapingo, Méx. : _bUACH. CIESTAAM, _c2007 |
||
| 300 |
_a42 p. : _bilus., cuadros, diagramas |
||
| 490 | 0 |
_aReporte de investigación _v; 78 |
|
| 590 |
_aBATCH-UPD _b10 _c20130110 _lUCH01 _h1744 |
||
| 590 |
_aBATCH-UPD _b10 _c20130410 _lUCH01 _h1123 |
||
| 590 |
_aBATCH-UPD _b10 _c20130914 _lUCH01 _h0843 |
||
| 590 |
_aCONVERSION _b10 _c20130109 _lUCH01 _h1354 |
||
| 650 | 1 | 4 |
_aCardenche. _918877 |
| 650 | 1 | 4 |
_aTuna _xIndustria. _9115556 |
| 650 | 1 | 4 |
_aTuna _xMercadeo. _9115559 |
| 650 | 1 | 4 |
_aTuna _xRendimiento. _9115562 |
| 650 | 1 | 4 |
_aTuna _zMéxico (Edo.). _9115572 |
| 700 | 0 |
_aFlores Valdez, Claudio Armando. _941768 |
|
| 830 | 0 |
_aReporte de investigación _v; 78 _996000 |
|
| 901 | _aBK | ||
| 911 | _aen proceso | ||
| 942 | _cFOLL | ||
| 949 |
_aFolleto 17656 _bBC _cFOLL _d33724002215595 _eTS2 _fc.3 _i110103 _sb |
||
| 949 |
_aFolleto 17656 _bBC _cFOLL _d33724002215637 _eTS2 _fc.2 _i110103 _sb |
||
| 949 |
_aFolleto 17656 _bBC _cUACH _d33724002169892 _eUACH _i110103 _sb |
||
| 999 |
_c98445 _d98445 |
||